000
00258nam a2200097Ia 4500
001
719489
005
20250826163044.0
008
250824s9999 xx 000 0 und d
245
0
_a
SEN ÖLÜRSÜN BEN YAŞARIM
_c
CELİL OKER
260
_b
ALTIN KİTAPLAR YAYINLARI
999
_c
719489
_d
719489